000 00639nam a2200205Ia 4500
008 191130s2008##################000#0#eng##
020 _a1843769581
022 _a2008927945
040 _aACL
_cACL
082 _a302.35 BEC
245 _aHandbook of organizational routines
_cedited by Markus C. Becker
260 _aCheltenham, UK ; Northampton, MA
_bEdward Elgar
_cc2008
300 _avii, 343 p. : ill. ; 25 cm
500 _aIncludes bibliographical references and index
650 _aOrganizational behavior
700 _aBecker, Markus C
990 _ac8c9e287ac10000c05f28d6c6286d1f2
991 _a233100
999 _c200724
_d200724